| 000 | 01050nam a2200265 a 4500 | ||
|---|---|---|---|
| 005 | 20260410064152.0 | ||
| 008 | 181012s2007 mx r 000 0 spa d | ||
| 035 | _aUPN01000227211 | ||
| 040 |
_aUPN _bspa _cUPN |
||
| 049 | _aCG | ||
| 050 | 4 |
_aLC92 M6 _bM3.2 |
|
| 100 | 1 |
_aMartínez Bordon, Arcelia _942297 |
|
| 245 | 1 | 4 |
_aLos consejos de participación social en la educación y el Programa Escuelas de Calidad : _b¿mecanismos sociales para la rendición de cuentas? / _cArcelia Martínez Bordon, Teresa Bracho González, Claudia Osiris Martínez Valle. |
| 260 |
_aMéxico : _bCIESAS : _bUniversidad Veracruzana, _c2007. |
||
| 300 |
_a116 p. : _bcuadros |
||
| 440 | 0 |
_aCuadernos para la democratización ; _v11 |
|
| 610 | 2 | 4 |
_aPROGRAMA ESCUELAS DE CALIDAD (MEXICO) _95685 |
| 650 | 4 |
_aEducación y Estado _zMéxico _9476 |
|
| 650 | 4 |
_aConsejos de participación social _96960 |
|
| 700 | 1 |
_aBracho, Teresa _ecoaut. _944191 |
|
| 700 | 1 |
_aMartínez Valle, Claudia Osiris, _ecoaut. |
|
| 905 | _aLibro | ||
| 942 |
_2lcc _cLIBRO |
||
| 999 |
_c199307 _d199307 |
||